Images par couleur - Bleu - Statistiques

Statistiques générales
  • Ce quiz a été pris 284 fois
  • Le résultat moyen est 10 sur 12
Statistiques - réponses
Par images Réponse % Correct
Ciel
99%
Eau
97%
Papillon
97%
Porte
94%
Voiture
93%
Facebook
92%
Fleur
92%
Twitter
86%
Donut
83%
Bleuet
80%
Bonbon
65%
Jeans
52%
Aucun quiz correspondant
Distribution des résultats
% des personnes avec chaque résultat
Percentile par nombre de réponses
Votre historique - résultats
Vous n’avez pas pris ce quiz